IMROVING WOMENS HEALTH IN INDIA (Record no. 967)

000 -LEADER
fixed length control field 00266nam a22000977a 4500
008 - FIXED-LENGTH DATA ELEMENTS--GENERAL INFORMATION
fixed length control field 150825b xxu||||| |||| 00| 0 eng d
020 ## - INTERNATIONAL STANDARD BOOK NUMBER
International Standard Book Number 0821336029
082 ## -
Classification number 613.042440.954 IMP
245 ## - TITLE STATEMENT
Title IMROVING WOMENS HEALTH IN INDIA
260 ## - PUBLICATION, DISTRIBUTION, ETC. (IMPRINT)
Place of publication, distribution, etc. WASHINGTON
Name of publisher, distributor, etc. THE WORLD BANK
Date of publication, distribution, etc. 1996

No items available.

IRDP © 2019 :: Managed by IRDP ICT Unit